1926 1980 1808 1190 1984 1794 1148 1994 1173 1576 1396 1788 1552 1421 1471 1066 1651 1495 1224 1357 1050 1629 1124 1564 1521 1506 1446 1791 1372 1037 1997 1239 1149 1106 1419 1581 1614 1669 1832 1034 1373 1268 1835 1817 1272 1049 1958 1916 1022 1480 1485 1911 1270 1837 1812 1454 1413 1003 1783 1454 1674 1323 1793 1738 1261 1256 1278 1846 1746 1650 1554 1742 1827 1214 1566 1665 1172 1871 1227 1780 1827 1234 1201 1652 1761 1505 1405 1282 1993 1843 1165 1797 1495 1302 1276 1210 1116 1206 1523 BCNSPRNW ULIB Ver.6.0+V

เปลี่ยนเป็นภาษาไทย

Change to English
 แสดงรายละเอียดบรรณานุกรม
  กลับหน้าหลัก

Brief Record : Get Marc (ISO 2709) : E-mail record : QR code < ปิดหน้าต่าง
LEADER : 00000nam 2200000uu 4500
001    13399127031
003     ULIB
008    020711s2561 th a 000 0 tha d
020    ^a9786163920379
060    ^aWS103^bก344ช
110 1  ^aกองบรรณาธิการสำนักพิมพ์โลกหนังสือ
245    ^aช้างกับมดแดง ชุดนิทานสุภาษิต 2 ภาษา (ไทย-อังก กฤษ) หนูอ่านเองได้
250    ^aพิมพ์ครั้งที่ 1
260    ^aกรุงเทพฯ :^bบริษัทสำนักพิมพ์โลกหนังสือ จำกัด,^c2561
300    ^a12 หน้า;^b21 ซม.
650    ^aเด็ก^xการเรียนการสอน
945    ^p50^l0^i006219
999    ^aประนอม เกษจรัล
รายการนี้ยังไม่มีแท็ก
คุณยังไม่ได้ล็อกอิน คุณสามารถมีกิจกรรมร่วมกับเว็บไซต์ได้ แต่ต้องล็อกอินก่อน ::
  ล็อกอิน

รายการสื่อสารสนเทศ

ลำดับที่ ประเภท เลขเรียก/บาร์โค้ด สถานที่ สถานะ
1. วิทยาศาสตร์การแพทย์ และสุขภาพ
วิทยาศาสตร์การแพทย์ และสุขภาพ
WS103 ก344ช ฉ.1 
  Barcode: 006219
ห้องสมุดวิทยาเขตสวรรค์ประชารักษ์
►หนังสือทั่วไป
บนชั้น

BibComment


ยังไม่เคยถูกคอมเมนท์

คอมเมนท์ทรัพยากรรายการนี้
  คอมเมนท์: ช้างกับมดแดง ชุด..


 Copyright 2026. Bcnsprnw @Library